| 000 | 00586nam a2200157 a 4500 | ||
|---|---|---|---|
| 008 | 120416s0000 ||||||||||||||||| || u | ||
| 020 | _a0851572901 | ||
| 050 | _aZ 696.B6 Mal | ||
| 100 | _aMaltby, Arthur | ||
| 245 | 1 | 4 | _aThe case for Bliss |
| 246 | _amodern classification practice and principles in the context of the bibliographic classification | ||
| 260 |
_aLondon _bBingley _c1979 |
||
| 300 | _a142p. | ||
| 350 | _a0.00 | ||
| 995 |
_D0.00 _FCBU-MAIN LIBRARY (Kitwe) _H1 _I5.50 _M1 _UAVAILABLE _ZAnnex Low-Usage Collection |
||
| 999 |
_c36770 _d36770 |
||